000 00583nam a2200217 a 4500
008
020 _a1859712800 (pbk.)
049 _aMAIN
090 _aT56.4
_bPEE
100 1 _aPeers, S.
245 1 0 _aManagement science applications /
_cS. Peers and G. Wyborn
260 _a[S. l.] :
_bCIMA,
_c1994.
300 _a170 p. :
_bill. ;
_c30 cm.
650 _aManagement Science.
700 _aWyborn, G.
907 _a.b10225717
_b22-05-13
_c22-01-07
003
005 20230123134336.0
040 _cNUST
942 _cBOOKS
_kT56.4
_mPEE
999 _c164232
_d164232